| 000 | 01227cam a2200337 a 4500 | ||
|---|---|---|---|
| 001 | EDZ0000159369 | ||
| 003 | StDuBDS | ||
| 005 | 20161031105250.0 | ||
| 006 | m||||||||d|||||||| | ||
| 007 | cr ||||||||||| | ||
| 008 | 130912s1998 cau fo| 001|0|eng d | ||
| 020 |
_a9781483328249 (ebook) : _cNo price |
||
| 040 |
_aStDuBDS _beng _cStDuBDS _epn |
||
| 049 | _aAlfaisal Main Library | ||
| 050 | 0 |
_aJS331 _b.B68 1998 |
|
| 082 | 0 | 4 |
_a352.140973 _223 |
| 100 | 1 | _aBox, Richard C. | |
| 245 | 1 | 0 |
_aCitizen governance _h[electronic resource] : _bleading American communities into the 21st century / _cRichard C. Box. |
| 260 |
_aThousand Oaks, Calif. : _bSAGE, _cc1998. |
||
| 300 | _a1 online resource (xiv, 186 p.) | ||
| 504 | _aIncludes bibliographical references and index. | ||
| 521 | _aSpecialized. | ||
| 588 | _aDescription based on print version record. | ||
| 650 | 0 |
_aLocal government _zUnited States _xCitizen participation. |
|
| 650 | 0 |
_aPolitical participation _zUnited States. |
|
| 655 | 7 |
_aElectronic books. _2local |
|
| 710 | 2 | _aSage eBooks | |
| 776 | 0 | 8 |
_iPrint version : _z9780761912576 |
| 856 | 4 | 0 | _uhttp://ezproxy.alfaisal.edu/login?url=http://sk.sagepub.com/books/citizen-governance |
| 942 |
_2lcc _cEBOOKS |
||
| 999 |
_c483019 _d483019 |
||